Grandchildren of Queen Victoria - Statistics

General Stats
  • This quiz has been taken 106 times
  • The average score is 28 of 38
Answer Stats
Hint Answer % Correct
Duke of Clarence and Avondale Albert Victor
92%
Empress of Russia Alix
92%
Prince of Schleswig-Holstein Christian Victor
92%
King of the United Kingdom George V
92%
Emperor of Germany Wilhelm II
92%
Princess of Schleswig-Holstein Helena Victoria
89%
Princess of the United Kingdom Victoria
89%
Marchioness of Milford Haven Victoria
89%
Grand Duchess of Russia Victoria
89%
Princess of Schaumburg-Lippe Viktoria
87%
Queen of Spain Victoria Eugenie
86%
Duke of Schleswig-Holstein Albert
84%
Grand Duke of Hesse and by Rhine Ernst Ludwig
84%
Princess of Hesse and by Rhine Marie
84%
Queen of Romania Marie
84%
Duke of Saxe-Coburg and Gotha Charles Edward
81%
Countess of Athlone Alice
79%
Princess of Anhalt Marie Louise
79%
Princess of Hohenlohe-Langenburg Alexandra
78%
Duchess of Fife Louise
75%
Queen of Norway Maud
73%
Grand Duchess of Russia Elisabeth
67%
Duchess of Scania Margaret
67%
Duchess of Saxe-Meiningen Charlotte
65%
Prince of Connaught Arthur
63%
Prince of Prussia Heinrich
63%
Landgravine of Hesse Margarethe
63%
Marquess of Carisbrooke Alexander
60%
Prince of Saxe-Coburg and Gotha Alfred
60%
Duchess of Galliera Beatrice
60%
Queen of the Hellenes Sophie
60%
Prince of Hesse and by Rhine Friedrich
56%
Lady Ramsay Patricia
56%
Lord Mountbatten Leopold
54%
Princess of Prussia Irene
48%
Prince of Prussia Sigismund
46%
Prince of Battenberg Maurice
44%
Prince of Prussia Waldemar
40%
No matching quizzes found
Score Distribution
Percent of People with Each Score
Percentile by Number Answered
Your Score History
You have not taken this quiz